000 00328nam a2200121Ia 4500
008 171205s9999 xx 000 0 und d
020 _a9780128019801
100 _aClements, Bruce W.
245 _aDisasters and Public Health Planning and Response
250 _a2nd ed.
260 _bElsevier, Inc.
_c2016
300 _a501 pages
999 _c347386
_d347386